Focus : Sigmund Freud (QCM) - Statistiques

Statistiques générales
  • Ce quiz a été pris 44 fois
  • Le résultat moyen est 7 sur 12
Statistiques - réponses
Question Réponse % Correct
Lequel de ces concepts a-t-il fondé ? Le complexe d'Œdipe
89%
Laquelle de ces notions désigne la part la plus inconsciente de l'homme ? Le ça
86%
Au début de sa carrière, quelle méthode a-t-il utilisé avant la libre association (psychanalyse) ? L'hypnose
81%
Quel est son ouvrage fondateur de la psychanalyse, publié en 1900 ? L’interprétation des rêves
78%
Comment s'appelle la jeune fille dont il parle dans la première leçon sur la psychanalyse ? Anna
72%
D'où proviennent les rêves selon lui ? De l’inconscient
72%
Sur quel thème a-t-il écrit un livre avec le docteur Breuer ? L'hystérie
72%
Quelle école de pensée s’oppose souvent à la psychanalyse de Freud ? Le behaviorisme
50%
Laquelle de ces informations est fausse ? Il était végétarien
47%
Combien d'enfants a-t-il ? 6
33%
Parmis les cinq stades du développement psycho-affectif, lequel correspond à la période de 3 à 7 ans ? Stade phallique
28%
Dans quel pays actuel est-il né ? République Tchèque
6%
Aucun quiz correspondant
Distribution des résultats
% des personnes avec chaque résultat
Percentile par nombre de réponses
Votre historique - résultats
Vous n’avez pas pris ce quiz